000 00671nam a2200181Ia 4500
008 190511s9999 xx 000 0 und d
100 _aTurner, Daniel
245 _aResponse inhibition and impulsive decision-making in sexual offenders against children /
245 _cDaniel Turner, Christian Laier, Matthias Brand, Tamara Bockshmmer, Robin Welsch and Martin Rettenberger.--
260 _bAmerican Psychological Association
260 _c2018
300 _aPages 471-481, July 2018
440 _aJournal of Abnormal Psychology
_v127(5)
650 _aChild sexual abusers
650 _aDecisio-making
650 _aImpulsitivity
650 _aResponse inhibition
999 _c361843
_d361843